<?xml version="1.0" encoding="UTF-8"?>
<marc:record xmlns:marc="http://www.loc.gov/MARC21/slim">
   <marc:leader>00000nam a2200000 a 4500</marc:leader>
   <marc:datafield ind1="1" ind2=" " tag="100">
      <marc:subfield code="a">Mueller, Dagmar H.</marc:subfield>
      <marc:subfield code="4">aut</marc:subfield>
      <marc:subfield code="e">Verfasser/-in</marc:subfield>
   </marc:datafield>
   <marc:datafield ind1="0" ind2="0" tag="245">
      <marc:subfield code="a">Allerliebste Geisterfreundin - Du siehst doch Gespenster</marc:subfield>
   </marc:datafield>
   <marc:datafield ind1="0" ind2="0" tag="245">
      <marc:subfield code="c">Dagmar H. Mueller</marc:subfield>
   </marc:datafield>
   <marc:datafield ind1=" " ind2="1" tag="264">
      <marc:subfield code="a">München</marc:subfield>
      <marc:subfield code="b">Riemann Verlag</marc:subfield>
      <marc:subfield code="c">2014</marc:subfield>
   </marc:datafield>
   <marc:datafield ind1="1" ind2=" " tag="520">
      <marc:subfield code="a">Nina findet ihr neues Zuhause im Tulpenweg 21 mittlerweile einfach super. Schließlich wohnt sie neuerdings mit einem durchgeknallten Geistermädchen zusammen, Sara von nebenan steht ihr in der Schule zur Seite und gemeinsam haben die drei gerade ein Riesengeheimnis gelöst. Alles gut, oder? Da stolpert der süße Johann in Ninas Leben. Und mit ihm ein Abenteuer, das nicht nur Nina, sondern auch ihre Geisterfreundin Tori ziemlich außer Atem bringt ... (Verlagstext)</marc:subfield>
   </marc:datafield>
   <marc:datafield ind1=" " ind2=" " tag="020">
      <marc:subfield code="a">9703570171783</marc:subfield>
      <marc:subfield code="9">9703570171783</marc:subfield>
   </marc:datafield>
   <marc:datafield ind1=" " ind2=" " tag="300">
      <marc:subfield code="a">236 Seiten</marc:subfield>
   </marc:datafield>
</marc:record>
